Quiz da Guiné-Bissau - Statistics

Estatísticas Gerais
  • Esse quiz foi jogado 501 vezes
  • A pontuação média é 8 de 15
Estatísticas das Respostas
Dica Resposta % Correto
A Guiné-Bissau era uma colônia deste país antes de 1974 Portugal
94%
Países fazendo fronteira com a Guiné-Bissau Guiné
90%
Capital Bissau
84%
Língua mais falada Crioulo da Guiné-Bissau (Português)
82%
Países fazendo fronteira com a Guiné-Bissau Senegal
82%
Como várias colônias africanas, a Guiné-Bissau sofreu deste comércio comércio transatlântico de {escravos}
75%
Maior setor da economia Agricultura
62%
Moeda compartilhada com sete outros países {Franco} CFA
58%
Os três grupos étnicos mais comuns (nomeie um deles) Fula | Balanta | Mandinga
26%
Tipo de floresta que cobre a maior parte do litoral Manguezal
24%
O artilheiro mais jovem da seleção espanhola de futebol, nascido na capital Ansu Fati
23%
Herói nacional assassinado em 1973 Amílcar Cabral
22%
Grupo de 88 ilhas na costa da Guiné-Bissau Bijagós
19%
Tipo de noz que é a maior exportação da Guiné-Bissau Caju
19%
A maior das ilhas do acima Orango
14%
Nenhum quiz correspondente encontrado
Distribuição das Pontuações
Porcentagem de Pessoas com Cada Pontuação
Percentil de Números Respondidos
Sua Pontuação Histórica
Você não jogou esse quiz